Journey without goal : the tantric wisdom of the Buddha /

Gorde:
Xehetasun bibliografikoak
Egile nagusia: Trungpa, Chogyam, 1939-
Formatua: Liburua
Hizkuntza:English
Argitaratua: Boulder, Colo. : Praj~na Press, 1981.
Saila:Trungpa, Chogyam, 1939- Dharma ocean series.
Gaiak:
LEADER 01207nam a2200289 a 4500
001 c000150013
003 CARM
005 00000000000000.0
008 810813s1981 coua 00110 eng
019 1 |a 2071454  |5 LACONCORD2021 
020 |a 087773755X (pbk.) :  |c $6.00 
035 |a (OCoLC)7734189  |5 LACONCORD2021 
050 0 0 |a BQ8918.7  |b .T78 1981 
082 0 0 |a 294.3/925  |2 19 
100 1 |a Trungpa, Chogyam,  |d 1939- 
245 1 0 |a Journey without goal :  |b the tantric wisdom of the Buddha /  |c Chogyam Trungpa. 
260 |a Boulder, Colo. :  |b Praj~na Press,  |c 1981. 
300 |a viii, 150 p. :  |b ill. ;  |c 23 cm. 
490 1 |a Dharma ocean series 
500 |a "Based on a series of lectures delivered ... in the Buddhist Studies Department of Naropa Institute, Summer 1974"--verso of t.p. 
500 |a Includes index. 
650 0 |a Tantric Buddhism  |x Doctrines. 
650 0 |a Spiritual life  |x Tantric Buddhism. 
800 1 |a Trungpa, Chogyam,  |d 1939-  |t Dharma ocean series. 
852 8 |b CARM  |h A2:AD10A0  |i B00497  |p 0024002  |f BK 
999 f f |i 83f55c38-f6f5-5a7c-bc87-a4990fe36132  |s 3ab252c5-0f98-52e9-a3be-3441f8cd6e28 
952 f f |p Can circulate  |a CAVAL  |b CAVAL  |c CAVAL  |d CARM 1 Store  |e B00497  |f A2:AD10A0  |h Other scheme  |i book  |m 0024002